Historia universal

Bibliographic Details
Main Authors: Corbella Madueño, José, Caballero González, Carlos, Álvarez León, Esteban
Format: Section = Libro
Language:Undetermined
Spanish
Published: México McGraw-Hill 2004
Subjects:
LEADER 00705nam a2200253Ia 4500
008 240830s9999 xx 000 0 und d
020 |a 970-10-4250-6 
040 |a CEDOC FIQ-RUSB / 909 C789 
041 |a spa 
082 |a 909 C789 
100 1 |a Corbella Madueño, José 
100 1 |b Caballero González, Carlos 
100 1 |c Álvarez León, Esteban 
245 1 0 |a Historia universal 
260 |a México  |b McGraw-Hill  |c 2004 
300 |a 330 p. :il 
650 7 |a HISTORIA UNIVERSAL - CONTEMPORANEA 
650 7 |b  LIBERALISMO Y NACIONALISMO 
650 7 |c  IMPERIALISMO 
650 7 |d  PRIMERA GUERRA MUNDIAL 
650 7 |e  SEGUNDA GUERRA MUNDIAL 
942 |c BK  |2 ddc 
991 |a TEXTO 
999 |c 13450